[Event "Indywidualne Mistrzostwa Polski Juniorek - D16"]
[Site "Szczyrk"]
[Date "2013-03-24"]
[Round "9.18"]
[White "Rynkiewicz, Natalia"]
[Black "Rudol, Matylda"]
[Result "1-0"]
[WhiteTitle "II"]
[BlackTitle "II+"]
[WhiteElo "1357"]
[BlackElo "1510"]

1. e4 d5 2. exd5 Qxd5 3. Nc3 Qa5 4. d4 Nf6 5. Nf3 c6 6. Bc4 Bf5 7. Bd2 e6 8. Qe2
Bb4 9. O-O-O Nbd7 10. Nh4 Bg6 11. Nxg6 hxg6 12. Kb1 O-O-O 13. a3 Bxc3 14. Bxc3
Qc7 15. h4 Nb6 16. Ba5 Nfd5 17. Bb3 c5 18. Qb5 cxd4 19. Rxd4 Rh5 20. Bxd5 Rdxd5
21. Qe8+ Rd8 22. Rxd8+ Qxd8 23. Qxd8+ Kxd8 24. Bxb6+ axb6 25. Rd1+ Kc7 26. Rd4
g5 27. hxg5 Rxg5 28. g3 Rf5 29. f4 Kc6 30. Kc1 Rb5 31. c4 Rb3 32. g4 b5 33. cxb5+
Rxb5 34. b4 Rd5 35. Rc4+ Kd6 36. Kc2 e5 37. a4 f6 38. f5 b6 39. Rc8 Rd4 40. Rd8+
Kc6 41. Rxd4 exd4 42. Kd3 Kd5 43. a5 bxa5 44. bxa5 Kc5 45. a6 Kb6 46. Kxd4 Kxa6
47. Kd5 Kb6 48. Ke6 1-0

[Event "Indywidualne Mistrzostwa Polski Juniorek - D16"]
[Site "Szczyrk"]
[Date "2013-03-24"]
[Round "9.19"]
[White "Ostrowska, Joanna"]
[Black "Leszczewska, Edyta"]
[Result "1/2-1/2"]
[WhiteTitle "II+"]
[BlackTitle "II"]
[WhiteElo "1541"]
[BlackElo "1389"]

1. e4 e5 2. Nf3 Nc6 3. Nc3 Nf6 4. a3 d6 5. Bb5 Be7 6. d4 exd4 7. Nxd4 Bd7 8. Nxc6
Bxc6 9. Bxc6+ bxc6 10. O-O O-O 11. Kh1 Qd7 12. h3 Qe6 13. Qf3 d5 14. exd5 cxd5
15. Bf4 c6 16. Rae1 Qd7 17. Qd3 Bd6 18. Bd2 Nh5 19. g4 Nf4 20. Qf3 Ng6 21. Ne2
f5 22. g5 f4 23. Qg4 Qf7 24. f3 Ne5 25. Qg2 Nc4 26. Bc1 Be5 27. b3 Ne3 28. Bxe3
fxe3 29. f4 Bd6 30. a4 c5 31. f5 Be5 32. Qg4 d4 33. Qe4 Rfe8 34. g6 Qd7 35. gxh7+
Kh8 36. Nf4 Bxf4 37. Qxf4 Qd5+ 38. Kg1 Qe5 39. Qxe5 Rxe5 40. Re2 Kxh7 41. Kg2
Rc8 42. Kf3 Re7 43. Rg2 c4 44. bxc4 Rxc4 45. Ra1 Rec7 46. Ra2 Kg8 47. f6 Rf7 48.
Rxg7+ Rxg7 49. fxg7 Kxg7 50. Ke2 Rc6 51. Kd3 Re6 52. Ra1 Rd6 53. Rf1 Kg6 54. c3
1/2-1/2

[Event "Indywidualne Mistrzostwa Polski Juniorek - D16"]
[Site "Szczyrk"]
[Date "2013-03-24"]
[Round "9.20"]
[White "Kotula, Magdalena"]
[Black "Szablicka, Magda"]
[Result "1-0"]
[WhiteTitle "I"]
[BlackTitle "II"]
[WhiteElo "1520"]
[BlackElo "1451"]

1. e4 b6 2. d4 Bb7 3. Bd3 e6 4. Nf3 c5 5. c3 Nf6 6. Bg5 h6 7. Bxf6 Qxf6 8. O-O
g5 9. Re1 Be7 10. Nbd2 O-O 11. Ne5 d6 12. Ng4 Qg7 13. e5 d5 14. Re3 h5 15. Nf6+
Bxf6 16. exf6 Qh6 17. Rh3 g4 18. Qxg4+ hxg4 19. Rxh6 Nd7 20. Bh7+ Kh8 21. Bf5+
Kg8 22. Bxg4 Rfe8 23. Re1 Nf8 24. Re5 Ng6 25. Rg5 Kf8 26. h4 cxd4 27. h5 Rec8
28. hxg6 fxg6 29. Bxe6 1-0

[Event "Indywidualne Mistrzostwa Polski Juniorek - D16"]
[Site "Szczyrk"]
[Date "2013-03-24"]
[Round "9.22"]
[White "Jasiak, Katarzyna"]
[Black "Kowacz, Agnieszka"]
[Result "1/2-1/2"]
[WhiteTitle "II"]
[BlackTitle "II"]
[WhiteElo "1213"]
[BlackElo "1378"]

1. e4 e6 2. d4 d5 3. Nc3 dxe4 4. Nxe4 Nd7 5. Bc4 Ngf6 6. Nc3 Be7 7. Nf3 c5 8. Bf4
b6 9. d5 exd5 10. Nxd5 O-O 11. O-O Bb7 12. Nxe7+ Qxe7 13. Bd6 Qe4 14. Bd3 Qc6
15. Bxf8 Rxf8 16. Be2 g5 17. Ne1 Re8 18. h3 Ne5 19. Bf3 Nxf3+ 20. Qxf3 Ne4 21.
Rd1 Ba6 22. Nd3 Re6 23. Rfe1 Bb7 24. Re3 Qc7 25. Rde1 Rf6 26. Qg4 c4 27. Rxe4
Bxe4 28. Qxe4 cxd3 29. Qxd3 Rd6 30. Qf5 f6 31. c3 Qf7 32. Qe4 Rd2 33. Qe8+ Qf8
34. Qxf8+ Kxf8 35. Rb1 Ke7 36. Kf1 Kd6 37. Ke1 Rc2 38. Rd1+ Kc7 39. Rd2 Rc1+ 40.
Rd1 Rc2 41. Rd2 1/2-1/2